Missing Word: 'I' Movies Quiz Stats

 Plays Quiz Updated Aug 29, 2015

Challenge
Share
Tweet
Embed
Score 0/20 Timer 03:00
1 Play Today
Movie Missing Word % Correct
_____ Jones and the Temple Of DoomIndiana
97.6%
The _____ HulkIncredible
97.1%
_____ Age: Continental DriftIce
96.5%
The _____ of MarchIdes
92.2%
_____ GadgetInspector
92%
_____ BasterdsInglourious
91.4%
_____ the WildInto
88.5%
_____ Came from Outer SpaceIt
86.3%
_____ of the Body SnatchersInvasion
84.9%
_____ with the VampireInterview
83.5%
Movie Missing Word % Correct
The _____ LadyIron
78.9%
_____ Day Independence
78.4%
The _____ ManInvisible
64.6%
_____ Llewyn DavisInside
45.6%
The _____ GameImitation
39%
_____ ThiefIdentity
37%
_____ in the SunIsland
32.5%
_____ BelovedImmortal
21.1%
_____ EmpireInland
13.9%
_____ of a WomanIdentification
2.9%

Today's Daily Dose

You're not logged in!

Compare scores with friends on all Sporcle quizzes.
Join for Free
OR
Log In

You Might Also Like...

Show Comments

Extras

Top Quizzes Today


Score Distribution

Your Account Isn't Verified!

In order to create a playlist on Sporcle, you need to verify the email address you used during registration. Go to your Sporcle Settings to finish the process.

Report this User

Report this user for behavior that violates our Community Guidelines.

Details: